| 000 | 00329nam a22001337a 4500 | ||
|---|---|---|---|
| 020 | _qPB. | ||
| 040 | _cFIZZA ISHAQ | ||
| 082 |
_a005.8 _bADI |
||
| 100 |
_aMUKHERJEE,ADITYA. _991562 |
||
| 245 |
_aNETWORK SECURITY STRATEGIES / _cADITYA MUKHERJEE. |
||
| 260 |
_aPACKET PUBLISHER ; _c2020. |
||
| 300 | _a372 P. ; | ||
| 942 |
_2ddc _cBK |
||
| 999 |
_c589693 _d589693 |
||